[Event "IIFL Wealth 4th Mumbai GM"]
[Site "Mumbai"]
[Date "2019.01.03"]
[Round "5"]
[White "Sangma, Rahul"]
[Black "Deshpande, Aniruddha"]
[Result "1-0"]
[WhiteElo "2289"]
[BlackElo "2167"]
[Annotator "NA"]
[PlyCount "119"]
[EventDate "2018.12.30"]
[EventType "swiss"]
[EventCountry "IND"]
[SourceTitle "playchess.com"]
[Source "ChessBase"]
[SourceQuality "1"]
[TimeControl "40/5400+30:1800+30"]

1. e4 {[%emt 0:04:27]} c5 {[%emt 0:00:00]} 2. Nf3 {[%emt 0:00:02]} Nc6 {[%emt 0:00:05]} 3. Bb5 {[%emt 0:01:10]} g6 {[%emt 0:00:09]} 4. O-O {[%emt 0:01:09]} Bg7 {[%emt 0:00:02]} 5. Bxc6 {[%emt 0:00:37]} dxc6 {[%emt 0:00:08]} 6. d3 {[%emt 0:00:15]} Nf6 {[%emt 0:00:19]} 7. Nbd2 {[%emt 0:03:36]} O-O {[%emt 0:09:01] B31: Sicilian: 2...Nc6 3 Bb5 g6} 8. a4 {[%emt 0:01:12]} Re8 $146 {[%emt 0:17:19]} ({Predecessor:} 8... h6 9. Nc4 Be6 10. Qe2 Qc7 11. g3 Qc8 12. Nh4 g5 13. Ng2 Bxc4 14. dxc4 Qe6 15. Re1 Rad8 16. c3 Nd7 {½-½ (16) Kett,T (2222)-Wells,P (2488) Treforest 2010}) 9. a5 {[%emt 0:02:36]} e5 {[%emt 0:01:14]} 10. Nc4 {[%emt 0:04:31]} Nh5 {[%emt 0:01:45]} 11. Be3 {[%emt 0:06:16]} Qe7 {[%emt 0:02:10]} 12. Re1 {[%emt 0:11:50]} f6 {[%emt 0:06:47]} 13. Qc1 {[%emt 0:07:24]} g5 {[%emt 0:05:23]} 14. g3 {[%emt 0:01:15]} Bf8 {[%emt 0:13:16]} 15. Nfd2 {[%emt 0:00:21]} Qe6 {[%emt 0:05:49]} 16. Nb3 {[%emt 0:05:34]} Qh3 {[%emt 0:05:51]} 17. Qd1 {[%emt 0:04:04]} Nf4 {[%emt 0:04:37]} 18. Bxf4 {[%emt 0:02:50]} gxf4 {[%emt 0:00:13]} 19. Qf3 {[%emt 0:05:45]} Kh8 {[%emt 0:14:24]} 20. Nbd2 {[%emt 0:02:02]} Bh6 {[%emt 0:01:56]} 21. Nd6 {[%emt 0:07:16]} Bg4 {[%emt 0:03:27]} 22. Qg2 {[%emt 0:00:25]} Re7 {[%emt 0:00:28]} 23. Qxh3 {[%emt 0:10:58]} Bxh3 {[%emt 0:00:03]} 24. Nb3 {[%emt 0:00:09]} Rd7 {[%emt 0:01:16]} 25. Nc4 {[%emt 0:00:03]} Bf8 {[%emt 0:00:09]} 26. f3 {[%emt 0:00:12]} Be6 {[%emt 0:01:26]} 27. Kf2 {[%emt 0:06:12]} Rad8 {[%emt 0:00:38]} 28. gxf4 {[%emt 0:01:52]} exf4 {[%emt 0:00:56]} 29. Ke2 {[%emt 0:00:43]} Rg7 {[%emt 0:01:37]} 30. Rg1 {[%emt 0:00:06]} Rg5 {[%emt 0:00:45]} 31. Rxg5 {[%emt 0:06:04]} fxg5 {[%emt 0:00:02]} 32. Rg1 {[%emt 0:00:07]} h6 {[%emt 0:00:57]} 33. a6 {[%emt 0:03:52]} Bxc4 {[%emt 0:02:19]} 34. dxc4 {[%emt 0:00:02]} b6 {[%emt 0:00:02]} 35. Nc1 {[%emt 0:00:57]} Bg7 {[%emt 0:00:44]} 36. Nd3 {[%emt 0:00:04]} Rd4 {[%emt 0:00:37]} 37. b3 {[%emt 0:00:17]} Rd7 {[%emt 0:01:12]} 38. h4 {[%emt 0:00:05]} Bf6 {[%emt 0:00:29]} 39. Rh1 {[%emt 0:02:39]} Kg7 {[%emt 0:00:20]} 40. hxg5 {[%emt 0:00:00]} hxg5 {[%emt 0:00:00]} 41. Rd1 {[%emt 0:06:28]} Bc3 {[%emt 0:04:13]} 42. Nf2 {[%emt 0:04:32]} Rxd1 {[%emt 0:00:56]} 43. Kxd1 {[%emt 0:00:04]} Kf7 {[%emt 0:12:56]} 44. Ke2 {[%emt 0:01:02]} Bd4 {[%emt 0:00:41]} 45. Nd3 {[%emt 0:00:05]} Kf6 {[%emt 0:06:18]} 46. Kf1 {[%emt 0:03:00]} g4 {[%emt 0:01:07]} 47. fxg4 {[%emt 0:03:03]} Kg5 {[%emt 0:03:18]} 48. e5 {[%emt 0:00:07]} f3 {[%emt 0:00:50]} 49. e6 {[%emt 0:06:32]} Kf6 {[%emt 0:00:36]} 50. Ne1 {[%emt 0:02:25]} Kxe6 {[%emt 0:03:57]} 51. Nxf3 {[%emt 0:00:01]} Bb2 {[%emt 0:00:13]} 52. Ke2 {[%emt 0:00:20]} Bc1 {[%emt 0:00:35]} 53. Kd3 {[%emt 0:00:02]} Bb2 {[%emt 0:00:27]} 54. Ke4 {[%emt 0:00:04]} Bc3 {[%emt 0:00:13]} 55. Kf4 {[%emt 0:00:44]} Kf6 {[%emt 0:00:19]} 56. Ke4 {[%emt 0:01:38]} Ke6 {[%emt 0:00:09]} 57. g5 {[%emt 0:01:30]} Bb2 $18 {[%emt 0:00:23]} 58. Nh4 {[%emt 0:00:08]} Bc1 {[%emt 0:02:20]} 59. g6 {[%emt 0:00:11]} Kf6 {[%emt 0:00:41]} 60. Nf5 {[%emt 0:00:29]} 1-0

[Event "IIFL Wealth 4th Mumbai GM"]
[Site "Mumbai"]
[Date "2019.01.03"]
[Round "5"]
[White "Sarwat, Walaa"]
[Black "Chowdhury, Sohel"]
[Result "1-0"]
[WhiteElo "2276"]
[BlackElo "2012"]
[Annotator "NA"]
[PlyCount "37"]
[EventDate "2018.12.30"]
[EventType "swiss"]
[EventCountry "IND"]
[SourceTitle "playchess.com"]
[Source "ChessBase"]
[SourceQuality "1"]
[TimeControl "40/5400+30:1800+30"]

1. e4 {[%emt 0:00:00]} c5 {[%emt 0:00:23]} 2. Nf3 {[%emt 0:00:00]} d6 {[%emt 0:00:03]} 3. Nc3 {[%emt 0:00:02]} Nf6 {[%emt 0:00:04]} 4. d4 {[%emt 0:00:23]} cxd4 {[%emt 0:00:02]} 5. Nxd4 {[%emt 0:00:07]} a6 {[%emt 0:00:02]} 6. Bc4 {[%emt 0:00:48]} e6 {[%emt 0:00:02]} 7. Bb3 {[%emt 0:00:10]} b5 {[%emt 0:01:03]} 8. O-O {[%emt 0:00:10]} Nbd7 {[%emt 0:00:49]} 9. Re1 {[%emt 0:00:11]} Nc5 {[%emt 0:01:38]} 10. Bd5 {[%emt 0:05:23]} exd5 {[%emt 0:10:50]} 11. exd5+ {[%emt 0:00:16]} Kd7 {[%emt 0:00:05]} 12. b4 {[%emt 0:03:37]} Na4 {[%emt 0:01:53]} 13. Nxa4 {[%emt 0:01:19]} bxa4 {[%emt 0:00:43]} 14. Nc6 {[%emt 0:12:32]} Qb6 {[%emt 0:01:11]} 15. Qf3 {[%emt 0:34:14]} Qb5 {[%emt 0:06:30]} 16. c4 {[%emt 0:08:49]} Qxc4 {[%emt 0:00:06]} 17. Bf4 {[%emt 0:00:38]} Qxd5 {[%emt 0:15:28]} 18. Ne5+ Kd8 19. Qe3 {[%emt 0:10:58]} 1-0

[Event "IIFL Wealth 4th Mumbai GM"]
[Site "Mumbai"]
[Date "2019.01.03"]
[Round "5"]
[White "Balasubramaniam H"]
[Black "Visakh N R"]
[Result "0-1"]
[WhiteElo "2270"]
[BlackElo "2491"]
[Annotator "TA"]
[PlyCount "106"]
[EventDate "2018.12.30"]
[EventType "swiss"]
[EventCountry "IND"]
[SourceTitle "playchess.com"]
[Source "ChessBase"]
[SourceQuality "1"]

{[%evp 15,106,13,10,5,9,0,0,-29,-29,-22,-5,-12,0,-12,-11,-11,-12,-31,-18,-54,-52,-62,-55,-58,-29,-46,-57,-99,-95,-165,-165,-157,-150,-121,-3,-101,-88,-132,-116,-119,-125,-128,-125,-125,-123,-215,-190,-677,-668,-939,-935,-1209,-755,-708,-746,-743,-730,-717,-687,-836,-819,-802,-732,-730,-740,-710,-728,-875,-861,-998,-966,-1083,-1073,-1037,-1014,-1507,-1615,-1445,-1412,-1894,-1615,-29970,-10639,-29973,-29974,-29974,-29973,-12832,-7154,-7166,-5933,-29995,-29990]} 1. e4 g6 2. d4 Bg7 3. Nf3 d6 4. Nc3 a6 5. a4 Nf6 6. Be2 O-O 7. h3 b6 8. O-O Bb7 {LiveBook: 24 Games} 9. Bd3 {B08: Pirc Defence: Classical System} (9. d5 c6 10. Be3 cxd5 11. exd5 Nbd7 12. Qd2 Rc8 13. Rfd1 Nc5 14. Qe1 Nce4 15. Nxe4 Nxe4 16. c3 a5 {0-1 (49) Caruana,F (2802)-Nakamura,H (2786) chess.com INT 2017}) 9... Nc6 10. d5 $146 ({Predecessor:} 10. Re1 e6 11. e5 dxe5 12. dxe5 Nd7 13. Bg5 Qe8 14. Bf4 Qe7 15. Qe2 Qb4 16. Qd2 Rfd8 {0-1 (57) Richter,H (1902)-Mittag,R (2123) Bayern 2014}) 10... Nb4 11. Bc4 {The position is equal.} c6 12. dxc6 Bxc6 13. Qe2 Qc8 14. Bb3 Qb7 {[%cal Rf6e4]} 15. Re1 Nd7 16. Be3 Nc5 17. Bxc5 dxc5 18. Rad1 e6 19. Nb1 {Black should prevent c3.} b5 $1 {...c4 is the strong threat.} 20. c3 c4 {Strongly threatening ...Nd3.} 21. cxb4 {And now Ba2 would win.} cxb3 22. a5 {[#]} (22. axb5 $17 Bxb5 23. Qe3) 22... Qe7 $1 $19 23. Rc1 Rfc8 24. Rc5 Qe8 ({Black should play} 24... Bb7 $17 25. Rec1 Rxc5 26. Rxc5 Rc8) 25. Qd2 (25. Nbd2 $11 {remains equal.}) 25... Bf8 $36 {[%mdl 2048] Black is really pushing.} 26. Rcc1 Rd8 27. Qc3 Rac8 {Threatens to win with ...Bxe4!} 28. Qxb3 Qe7 29. Ne5 Qxb4 30. Qe3 (30. Qxb4 $17 Bxb4 31. Nxc6 Rxc6 32. Rxc6 Bxe1 33. Nc3 (33. Rxa6 $2 Rd1 $19)) 30... Be8 31. Qb6 $2 (31. Nd3 Qxa5 32. Rxc8 Rxc8 33. Nd2) 31... Bc5 $19 32. Qxa6 {[#] next Nd3 is good for White.} Bxf2+ $1 {[%mdl 512]} 33. Kh1 (33. Kxf2 Qxb2+) 33... Ra8 34. Nd3 {[#]} Qxe1+ $1 {[%mdl 512]} 35. Rxe1 Rxa6 36. Nxf2 Rxa5 37. e5 b4 38. Ne4 Ra1 39. Nd6 Ba4 40. Rg1 Ra2 41. Nd2 Rxb2 42. N2e4 Bc6 43. Nf6+ Kg7 44. Rc1 {[#]} Rxd6 $1 45. exd6 Bxg2+ 46. Kg1 Kxf6 {[%mdl 4096] Endgame KRB-KR} 47. h4 Rd2 48. h5 gxh5 (48... b3 $142 49. Re1 b2 50. hxg6 hxg6 51. d7 {[#]} Be4 $1 {[%mdl 512]} 52. Kf1 b1=Q 53. d8=Q+ Rxd8 54. Rxb1 Bxb1 55. Ke2 Kf5 56. Kf1 Kf4 57. Kf2 Be4 58. Ke2 Kg3 59. Ke3 f5 60. Ke2 Bf3+ 61. Kf1 Rd1#) 49. Rb1 Bc6 50. Rxb4 Rxd6 51. Kf2 e5 52. Kg3 Rd3+ 53. Kh4 Rd4+ {Precision: White = 35%, Black = 73%.} 0-1

[Event "IIFL Wealth 4th Mumbai GM"]
[Site "Mumbai"]
[Date "2019.01.03"]
[Round "5"]
[White "Ziatdinov, Raset"]
[Black "Surendran N"]
[Result "1-0"]
[WhiteElo "2252"]
[BlackElo "2176"]
[Annotator "NA"]
[PlyCount "131"]
[EventDate "2018.12.30"]
[EventType "swiss"]
[EventCountry "IND"]
[SourceTitle "playchess.com"]
[Source "ChessBase"]
[SourceQuality "1"]
[TimeControl "40/5400+30:1800+30"]

1. e4 {[%emt 0:02:20]} c5 {[%emt 0:00:17]} 2. f4 {[%emt 0:00:23]} Nc6 {[%emt 0:00:26]} 3. Nf3 {[%emt 0:00:02]} g6 {[%emt 0:00:24]} 4. Be2 {[%emt 0:00:16]} Bg7 {[%emt 0:00:07]} 5. O-O {[%emt 0:00:02]} e6 {[%emt 0:02:32]} 6. Nc3 {[%emt 0:00:10]} d6 {[%emt 0:00:21]} 7. d3 {[%emt 0:00:11]} Nge7 {[%emt 0:00:08]} 8. Qe1 {[%emt 0:00:11]} Nd4 {[%emt 0:00:54]} 9. Bd1 {[%emt 0:00:36]} O-O {[%emt 0:01:33]} 10. Nxd4 {[%emt 0:00:42]} cxd4 {[%emt 0:01:01]} 11. Ne2 {[%emt 0:00:03]} f5 {[%emt 0:07:18]} 12. Kh1 {[%emt 0:00:08]} Qc7 {[%emt 0:09:00]} 13. Bd2 {[%emt 0:04:38]} Bd7 {[%emt 0:01:25]} 14. Ng3 {[%emt 0:02:07]} Qb6 {[%emt 0:08:41]} 15. Rb1 {[%emt 0:02:49]} Rac8 {[%emt 0:00:54]} 16. Bb4 {[%emt 0:02:06]} Rfe8 {[%emt 0:06:00]} 17. Rf2 {[%emt 0:01:54]} Qc7 {[%emt 0:03:39]} 18. Bf3 {[%emt 0:01:03]} Nc6 {[%emt 0:00:57]} 19. Bd2 {[%emt 0:09:13]} Nd8 {[%emt 0:07:54]} 20. Rc1 {[%emt 0:05:15]} Nf7 {[%emt 0:00:31]} 21. Re2 {[%emt 0:02:25]} Qb6 {[%emt 0:02:59]} 22. c4 {[%emt 0:03:36]} dxc3 {[%emt 0:13:29]} 23. bxc3 {[%emt 0:00:21]} Qa6 {[%emt 0:02:32]} 24. d4 {[%emt 0:02:08]} Bb5 {[%emt 0:01:38]} 25. Rf2 {[%emt 0:06:00]} Qxa2 {[%emt 0:06:26]} 26. Ra1 {[%emt 0:04:02]} Qc4 {[%emt 0:00:48]} 27. Qb1 {[%emt 0:01:53]} a6 {[%emt 0:00:50]} 28. exf5 {[%emt 0:08:53]} exf5 {[%emt 0:00:21]} 29. Bxb7 {[%emt 0:00:06]} Rb8 {[%emt 0:00:49]} 30. Bf3 {[%emt 0:02:33]} Bc6 {[%emt 0:09:37]} 31. Qf1 {[%emt 0:02:03]} Qxf1+ {[%emt 0:00:07]} 32. Nxf1 {[%emt 0:00:08]} Bxf3 {[%emt 0:00:15]} 33. gxf3 {[%emt 0:02:14]} Bf6 {[%emt 0:09:03]} 34. Ne3 {[%emt 0:00:37]} Bh4 {[%emt 0:00:10]} 35. Rg2 {[%emt 0:00:19]} Kf8 {[%emt 0:00:07]} 36. Nd5 {[%emt 0:01:40]} Rb2 {[%emt 0:02:15]} 37. Kg1 {[%emt 0:09:24]} a5 {[%emt 0:01:11]} 38. Kf1 {[%emt 0:00:30]} a4 {[%emt 0:00:21]} 39. Re2 {[%emt 0:00:41]} a3 {[%emt 0:01:57]} 40. Rxe8+ {[%emt 0:00:00]} Kxe8 {[%emt 0:00:00]} 41. Ke2 {[%emt 0:01:15]} a2 {[%emt 0:02:31]} 42. Kd3 {[%emt 0:00:29]} g5 {[%emt 0:06:23]} 43. Nb4 {[%emt 0:08:58]} g4 {[%emt 0:19:33]} 44. fxg4 {[%emt 0:01:42]} fxg4 {[%emt 0:00:02]} 45. Rxa2 {[%emt 0:05:18]} Rxa2 {[%emt 0:00:45]} 46. Nxa2 {[%emt 0:00:05]} Kd7 {[%emt 0:00:29]} 47. Ke4 {[%emt 0:00:47]} Ke6 {[%emt 0:02:04]} 48. c4 {[%emt 0:00:42]} Bf2 {[%emt 0:01:46]} 49. f5+ {[%emt 0:09:31]} Kf6 {[%emt 0:00:05]} 50. Nc3 {[%emt 0:00:25]} h5 {[%emt 0:01:39]} 51. Nd5+ {[%emt 0:00:24]} Kg7 {[%emt 0:00:02]} 52. Be3 {[%emt 0:01:09]} Bxe3 {[%emt 0:00:10]} 53. Kxe3 {[%emt 0:02:50]} h4 {[%emt 0:00:26]} 54. c5 {[%emt 0:01:25]} dxc5 {[%emt 0:00:24]} 55. dxc5 {[%emt 0:00:07]} Nh6 {[%emt 0:00:09]} 56. f6+ {[%emt 0:01:22]} Kf7 {[%emt 0:00:18]} 57. c6 {[%emt 0:01:47]} Nf5+ {[%emt 0:02:08]} 58. Kf4 {[%emt 0:04:31]} g3 {[%emt 0:00:21]} 59. hxg3 {[%emt 0:02:02]} hxg3 {[%emt 0:00:43]} 60. c7 {[%emt 0:00:28]} g2 {[%emt 0:00:33]} 61. c8=Q {[%emt 0:00:25]} g1=Q {[%emt 0:00:09]} 62. Qd7+ {[%emt 0:00:19]} Kf8 {[%emt 0:00:15]} 63. Qxf5 {[%emt 0:00:13]} Qf2+ {[%emt 0:00:25]} 64. Ke5 {[%emt 0:00:22]} Qb2+ {[%emt 0:00:08]} 65. Ke6 {[%emt 0:00:14]} Qb8 {[%emt 0:00:33]} 66. Qh7 {[%emt 0:00:39]} 1-0

[Event "IIFL Wealth 4th Mumbai GM"]
[Site "Mumbai"]
[Date "2019.01.03"]
[Round "5"]
[White "Saurabh Anand"]
[Black "Sundararajan, Kidambi"]
[Result "1-0"]
[WhiteElo "2246"]
[BlackElo "2458"]
[Annotator "TA"]
[PlyCount "85"]
[EventDate "2018.12.30"]
[EventType "swiss"]
[EventCountry "IND"]
[SourceTitle "playchess.com"]
[Source "ChessBase"]
[SourceQuality "1"]

{[%evp 11,85,88,88,49,50,45,54,42,68,43,65,50,66,43,70,45,47,39,48,35,53,12,29,19,29,2,45,24,47,47,83,102,89,82,103,103,113,109,127,119,123,134,153,139,133,126,106,89,100,87,87,83,90,77,93,97,181,169,170,147,147,153,156,66,420,400,481,481,481,481,448,385,385,385,797,739]} 1. e4 e6 2. d4 a6 3. Bd3 b5 4. Nf3 Bb7 5. O-O Nf6 6. e5 {B00: Queen's Fianchetto Defence, Nimzowitsch Defence} (6. Re1 d5 7. Nbd2 Be7 8. a4 b4 9. e5 Nfd7 10. Nb3 c5 11. dxc5 Nxc5 12. Nxc5 Bxc5 13. Bg5 Qb6 {0-1 (31) Anisimov,P (2521)-Pridorozhni,A (2579) St Petersburg 2016}) 6... Nd5 {LiveBook: 4 Games} 7. c4 bxc4 8. Bxc4 {White is slightly better.} Be7 9. Nc3 Nxc3 10. bxc3 O-O $146 ({Predecessor:} 10... d5 11. Bd3 c5 12. Rb1 Bc6 13. Ne1 {0-1 (27) Mestnikova,V (1892)-Airapetian,V (2004) Soukhumi 2007}) 11. d5 a5 12. Be3 Ba6 13. Qd3 (13. Qa4 {is more complex.} Qc8 14. Rab1 Bxc4 15. Qxc4 d6 16. dxe6 Qxe6 17. Qxe6 fxe6 18. Rb7) 13... exd5 14. Qxd5 Bxc4 15. Qxc4 d5 16. exd6 cxd6 17. Rab1 Nd7 18. Rb7 Rb8 19. Rfb1 $36 {[%mdl 2048] White has some pressure.} Rxb7 20. Rxb7 Nc5 21. Bxc5 $1 dxc5 {[#]} 22. g3 $1 Bf6 23. Kg2 Qd6 24. Rb5 Qa6 25. a4 (25. Qxc5 Bxc3 26. Rb6 Qa7 $14) 25... h6 26. Rxc5 Qxc4 27. Rxc4 $16 {[%mdl 4096] Endgame KRB-KRN} Rb8 28. Rc5 Rb3 29. Rxa5 Bxc3 30. Ra8+ Kh7 31. a5 {[%cal Ba4a5,Ba5a6,Ba6a7][%mdl 32]} Ra3 32. a6 Bb4 33. Ne5 Bc5 (33... f6 $16 {was worth a try.}) 34. Nd7 Bd6 35. a7 h5 36. Nb6 Be7 {[#]} 37. h4 (37. f4 $1 $16) 37... g6 $2 {[%mdl 8192]} ({Black should play} 37... Bf6 $14) 38. Nd7 $18 Bb4 39. Rb8 Rxa7 40. Nf6+ (40. Rxb4 Rxd7 41. Kf3 Rd6 $11) 40... Kg7 41. Ne8+ ({Not} 41. Rxb4 Kxf6 42. Kf3 Ke5 $11) 41... Kf8 42. Nd6+ $1 ({Weaker is} 42. Rxb4 Kxe8 43. Kf3 Ke7 $11) 42... Ke7 $2 (42... Kg7) 43. Nc8+ {[%mdl 64] Double Attack. Accuracy: White = 62%, Black = 56%.} ({Worse is} 43. Rxb4 Kxd6 44. Kf3 Kc5 $11) 1-0

[Event "IIFL Wealth 4th Mumbai GM"]
[Site "Mumbai"]
[Date "2019.01.03"]
[Round "5"]
[White "Navalgund, Niranjan"]
[Black "Lugovskoy, Maxim"]
[Result "0-1"]
[WhiteElo "2240"]
[BlackElo "2445"]
[Annotator "NA RC"]
[PlyCount "88"]
[EventDate "2018.12.30"]
[EventType "swiss"]
[EventCountry "IND"]
[SourceTitle "playchess.com"]
[Source "ChessBase"]
[SourceQuality "1"]
[TimeControl "40/5400+30:1800+30"]

1. Nf3 {[%emt 0:00:00]} d5 {[%emt 0:00:00]} 2. d4 {[%emt 0:00:00]} Nf6 {[%emt 0:00:22]} 3. c4 {[%emt 0:00:00]} e6 {[%emt 0:00:04]} 4. g3 {[%emt 0:00:00]} dxc4 {[%emt 0:00:32]} 5. Bg2 {[%emt 0:00:00]} Nc6 {[%emt 0:00:23]} 6. O-O {[%emt 0:00:03]} Rb8 {[%emt 0:00:15]} 7. e3 {[%emt 0:04:55]} Bd7 {[%emt 0:01:12]} 8. Qe2 {[%emt 0:05:56]} Bd6 {[%emt 0:00:27]} 9. Qxc4 {[%emt 0:07:23]} O-O {[%emt 0:00:06]} 10. Nbd2 {[%emt 0:01:06]} e5 {[%emt 0:00:20]} 11. dxe5 {[%emt 0:01:25]} Nxe5 {[%emt 0:00:13]} 12. Nxe5 {[%emt 0:00:08]} Bxe5 {[%emt 0:00:03]} 13. Qc2 {[%emt 0:00:19]} Qe8 {[%emt 0:21:35]} 14. f4 {[%emt 0:20:30]} Bd6 {[%emt 0:01:01]} 15. e4 {[%emt 0:05:09]} Ng4 {[%emt 0:01:16]} 16. Nb3 {[%emt 0:16:40]} c5 {[%emt 0:20:47]} 17. h3 {[%emt 0:01:38]} c4 {[%emt 0:02:04]} 18. hxg4 {[%emt 0:05:10]} cxb3 {[%emt 0:00:20]} 19. Qxb3 {[%emt 0:02:19]} Bxg4 {[%emt 0:03:55]} 20. Be3 {[%emt 0:07:17]} Qe7 {[%emt 0:04:32]} 21. Rac1 {[%emt 0:06:36]} b6 {[%emt 0:03:10]} 22. e5 {[%emt 0:00:46]} Bb4 {[%emt 0:01:16]} 23. a3 {[%emt 0:01:49]} Bc5 {[%emt 0:00:04]} 24. Qc3 {[%emt 0:05:06]} Qe6 {[%emt 0:04:37]} 25. b4 {[%emt 0:00:39]} Bxe3+ {[%emt 0:00:25]} 26. Qxe3 {[%emt 0:00:02]} Rbc8 {[%emt 0:00:21]} 27. Bb7 {[%emt 0:01:36]} Rxc1 {[%emt 0:00:22]} 28. Rxc1 {[%emt 0:00:01]} Rd8 {[%emt 0:00:09]} 29. Bg2 {[%emt 0:02:18]} h5 {[%emt 0:00:19]} 30. Rf1 {[%emt 0:02:06]} Qc4 {[%emt 0:03:35]} 31. Be4 {[%emt 0:01:40]} Qe6 {[%emt 0:06:50]} 32. Bg2 {[%emt 0:01:37]} Bf5 {[%emt 0:00:27]} 33. Kh2 {[%emt 0:01:39]} Rd3 {[%emt 0:00:19]} 34. Qc1 {[%emt 0:00:01]} Qb3 {[%emt 0:00:58]} 35. Qe1 {[%emt 0:01:01]} Qxa3 {[%emt 0:00:02]} 36. b5 {[%emt 0:00:27]} Qb3 {[%emt 0:00:17]} 37. Rg1 {[%emt 0:00:29]} Qb2 {[%emt 0:02:50]} 38. Kh1 {[%emt 0:00:36]} Qxb5 {[%emt 0:00:14]} 39. Qe2 {[%emt 0:00:27]} Qd7 {[%emt 0:02:02]} 40. Qxh5 {[%emt 0:00:00]} Rxg3 {[%emt 0:00:00]} 41. Rd1 {[%emt 0:00:43]} Rd3 {[%emt 0:00:58]} 42. Rg1 {[%emt 0:00:37]} Be4 {[%emt 0:01:48]} 43. Kh2 {[%emt 0:00:57]} Rd2 {[%emt 0:00:50]} 44. Kg3 {[%emt 0:00:55]} Qd4 {[%emt 0:02:00]} 0-1

[Event "IIFL Wealth 4th Mumbai GM"]
[Site "Mumbai"]
[Date "2019.01.03"]
[Round "5"]
[White "Mohite, Ranveer"]
[Black "Gandhi, Anish"]
[Result "1-0"]
[WhiteElo "2236"]
[BlackElo "2134"]
[Annotator "NA"]
[PlyCount "41"]
[EventDate "2018.12.30"]
[EventType "swiss"]
[EventCountry "IND"]
[SourceTitle "playchess.com"]
[Source "ChessBase"]
[SourceQuality "1"]
[TimeControl "40/5400+30:1800+30"]

1. b3 {[%emt 0:00:00]} Nf6 {[%emt 0:00:00]} 2. Bb2 {[%emt 0:00:00]} g6 {[%emt 0:00:00]} 3. g3 {[%emt 0:00:07]} Bg7 {[%emt 0:00:19]} 4. Bg2 {[%emt 0:00:02]} O-O {[%emt 0:00:44]} 5. Nf3 {[%emt 0:00:11]} d6 {[%emt 0:00:48]} 6. d4 {[%emt 0:00:21]} c5 {[%emt 0:01:07]} 7. O-O {[%emt 0:01:33]} Nbd7 {[%emt 0:03:29]} 8. c4 {[%emt 0:02:31]} Rb8 {[%emt 0:04:50]} 9. Nc3 {[%emt 0:02:15]} a6 {[%emt 0:00:48]} 10. a4 {[%emt 0:09:38]} cxd4 {[%emt 0:01:45]} 11. Nxd4 {[%emt 0:00:14]} Nc5 {[%emt 0:00:15]} 12. b4 {[%emt 0:04:28]} Ne6 {[%emt 0:01:01]} 13. Nd5 {[%emt 0:02:48]} Nxd5 {[%emt 0:07:21]} 14. cxd5 {[%emt 0:08:16]} Nxd4 {[%emt 0:03:03]} 15. Bxd4 {[%emt 0:00:02]} Bxd4 {[%emt 0:02:27]} 16. Qxd4 {[%emt 0:00:01]} Bd7 {[%emt 0:00:14]} 17. Rfc1 {[%emt 0:03:16]} Rc8 {[%emt 0:14:48]} 18. a5 {[%emt 0:04:11]} Bb5 {[%emt 0:04:07]} 19. Bh3 {[%emt 0:00:07]} Rxc1+ {[%emt 0:06:34]} 20. Rxc1 {[%emt 0:00:30]} Bd7 {[%emt 0:03:28]} 21. Qb6 {[%emt 0:11:32]} 1-0

[Event "IIFL Wealth 4th Mumbai GM"]
[Site "Mumbai"]
[Date "2019.01.03"]
[Round "5"]
[White "Praveen Kumar C"]
[Black "Vatsal Singhania"]
[Result "1/2-1/2"]
[WhiteElo "2233"]
[BlackElo "2130"]
[Annotator "NA"]
[PlyCount "97"]
[EventDate "2018.12.30"]
[EventType "swiss"]
[EventCountry "IND"]
[SourceTitle "playchess.com"]
[Source "ChessBase"]
[SourceQuality "1"]
[TimeControl "40/5400+30:1800+30"]

1. d4 {[%emt 0:00:00]} d5 {[%emt 0:00:00]} 2. Nf3 {[%emt 0:00:00]} Nf6 {[%emt 0:00:00]} 3. g3 {[%emt 0:00:00]} e6 {[%emt 0:00:00]} 4. Bg2 {[%emt 0:00:17]} Be7 {[%emt 0:00:25]} 5. c4 {[%emt 0:00:09]} O-O {[%emt 0:00:07]} 6. O-O {[%emt 0:00:06]} dxc4 {[%emt 0:00:05]} 7. Qc2 {[%emt 0:00:10]} a6 {[%emt 0:00:06]} 8. a4 {[%emt 0:00:10]} Bd7 {[%emt 0:00:05]} 9. Rd1 {[%emt 0:00:11]} Bc6 {[%emt 0:00:10]} 10. Bg5 {[%emt 0:00:12]} b5 {[%emt 0:09:17]} 11. Bxf6 {[%emt 0:01:33]} Bxf6 {[%emt 0:00:05]} 12. Nc3 {[%emt 0:00:09]} Nd7 {[%emt 0:05:22]} 13. Ng5 {[%emt 0:03:07]} Bxg5 {[%emt 0:01:27]} 14. Bxc6 {[%emt 0:00:08]} Rb8 {[%emt 0:00:30]} 15. d5 {[%emt 0:17:26]} Nb6 {[%emt 0:11:30]} 16. dxe6 {[%emt 0:28:11]} Qe7 {[%emt 0:15:22]} 17. a5 {[%emt 0:02:15]} Qxe6 {[%emt 0:02:27]} 18. Be4 {[%emt 0:00:24]} Nc8 {[%emt 0:02:19]} 19. Bxh7+ {[%emt 0:00:10]} Kh8 {[%emt 0:00:02]} 20. Bf5 {[%emt 0:00:10]} Qc6 {[%emt 0:04:00]} 21. Bd7 {[%emt 0:03:15]} Qh6 {[%emt 0:04:21]} 22. Nd5 {[%emt 0:01:35]} c5 {[%emt 0:03:38]} 23. f4 {[%emt 0:07:39]} Bf6 {[%emt 0:01:23]} 24. Nxf6 {[%emt 0:08:24]} Qxf6 {[%emt 0:00:36]} 25. e4 {[%emt 0:00:17]} Qg6 {[%emt 0:11:07]} 26. Rd5 {[%emt 0:02:53]} Nd6 {[%emt 0:03:37]} 27. Qg2 {[%emt 0:06:57]} Rfd8 {[%emt 0:04:20]} 28. Rad1 {[%emt 0:03:04]} Nb7 {[%emt 0:04:09]} 29. Qh3+ {[%emt 0:08:19]} Kg8 {[%emt 0:00:05]} 30. Rh5 {[%emt 0:01:05]} Kf8 {[%emt 0:00:33]} 31. Re5 {[%emt 0:02:25]} Qh6 {[%emt 0:01:36]} 32. Rh5 {[%emt 0:00:20]} Qg6 {[%emt 0:00:14]} 33. Re5 {[%emt 0:00:16]} Qh6 {[%emt 0:00:06]} 34. Qg4 {[%emt 0:00:04]} Nxa5 {[%emt 0:02:32]} 35. Rh5 {[%emt 0:02:15]} Qg6 {[%emt 0:00:29]} 36. Qh4 {[%emt 0:00:02]} Qf6 {[%emt 0:00:08]} 37. Qg4 {[%emt 0:01:52]} Qg6 {[%emt 0:00:16]} 38. Rg5 {[%emt 0:00:47]} Qh6 {[%emt 0:00:50]} 39. Rdd5 {[%emt 0:00:19]} c3 {[%emt 0:05:43]} 40. bxc3 {[%emt 0:00:00]} Nc4 {[%emt 0:00:00]} 41. Rh5 {[%emt 0:08:22]} Qg6 {[%emt 0:01:16]} 42. Qe2 {[%emt 0:01:54]} Nb6 {[%emt 0:01:58]} 43. Rde5 {[%emt 0:02:46]} Kg8 {[%emt 0:03:18]} 44. Bh3 {[%emt 0:05:50]} c4 {[%emt 0:02:19]} 45. Rh4 {[%emt 0:01:06]} Qd6 {[%emt 0:03:28]} 46. Bf1 {[%emt 0:00:12]} g6 {[%emt 0:01:58]} 47. Rg5 {[%emt 0:07:19]} Qd1 {[%emt 0:03:59]} 48. f5 {[%emt 0:01:39]} Qxe2 {[%emt 0:00:31]} 49. Bxe2 {[%emt 0:00:01]} 1/2-1/2